000 00825cam a22002174a 4500
005 20250605164214.0
008 250528s ||||||||||||||||||||||||d
035 _a20387
020 _a671204939
040 _aGR-AtMCL
_bgre
_dGR-AtMCL
_eAACR2
245 1 _aThe Nashville Sound / Bright Lights and Country Music
260 _c1970
300 _a292
505 0 _aForeword, Prologue: Friday Night at Tootsie's Orchid Lounge, Hillbilly Heaven, White Soul, Spreading the Word, Epilogue: Saturday Night at the Opry, Index.
520 _aForeword, Prologue: Friday Night at Tootsie's Orchid Lounge, Hillbilly Heaven, White Soul, Spreading the Word, Epilogue: Saturday Night at the Opry, Index.
700 1 _aHemphill Paul
_96368
700 1 _aSimon And Schuster
_91408
942 _cBK
999 _c5501
_d5501